000 00436nam a2200169 i 4500
001 60479
003 ES-MaACL
005 20230906164236.0
007 t|
008 031105s1923 sp ||||1| spa d
100 1 _aEspina, Concha,
_d1869-1955
_947834
245 1 3 _aEl cáliz rojo
_b: novela /
_cConcha Espina.
260 _aMadrid :
_bRenacimiento,
_c1923.
300 _a256 p.
852 _aES-MaACL
_jF-2317
999 _c60479
_d60479